Переводные картинки: (Лирическое повествование в 1370 стихах)

Dades bibliogràfiques
Autor principal: Давыдов М. Марк
Altres autors: Кедров К. (автор предисловия), Бондаренко А. (иллюстратор)
Sumari:Исключено из фонда НТБ ТПУ
Idioma:rus
Publicat: Москва, Художественная литература, 1989
Format: MixedMaterials Llibre
KOHA link:https://koha.lib.tpu.ru/cgi-bin/koha/opac-detail.pl?biblionumber=137493

MARC

LEADER 00000nam0a2200000 4500
001 137493
005 20231031141056.0
020 |a RU  |b 90-1251 
035 |a (RuTPU)RU\TPU\book\149012 
090 |a 137493 
100 |a 20080513d1989 m y0rusy5003 ca 
101 0 |a rus 
102 |a RU 
105 |a a z 000ay 
200 1 |a Переводные картинки  |e (Лирическое повествование в 1370 стихах)  |f М. Давыдов  |g авт. предисл. К. Кедров ; худож. А. Бондаренко 
210 |a Москва  |c Художественная литература  |d 1989 
215 |a 181,[2] с.  |c ил.  |d 21 см 
333 |a Исключено из фонда НТБ ТПУ 
700 1 |a Давыдов  |b М.  |g Марк  |4 070 
702 1 |a Кедров  |b К.  |4 080 
702 1 |a Бондаренко  |b А.  |4 440 
801 0 |a RU  |b RuMRKP  |c 19950417  |g psbo 
801 1 |a RU  |b 63413507  |c 20080513 
801 2 |a RU  |b 63413507  |c 20170905  |g RCR 
942 |c BK